Slovenské zdravotníctvo na rázcestí.

Charakteristika súčasného stavu slovenského zdravotníctva. Transformácia a privatizácia zdravotníckych zariadení. Situácia vo výrobe a distribúcii liekov. Zavádzanie bodového systému v zdravotníctve. Národná poisťovňa SR a zákonné normy zdravotného poistenia. Rozhovor s ministrom zdravotníctva SR.

Saved in:
Bibliographic Details
Main Author: Soboňa, V.
Other Authors: Zábojníková, M.
Format: Book Chapter
Language:Slovak
Subjects:
Tags: Add Tag
No Tags, Be the first to tag this record!

MARC

LEADER 00000naa a2200000 4500
001 r013484
005 20221213122951.3
041 0 |a slo 
044 |a SK 
245 1 0 |a Slovenské zdravotníctvo na rázcestí.  |c V. Soboňa, M. Zábojníková 
520 |a Charakteristika súčasného stavu slovenského zdravotníctva. Transformácia a privatizácia zdravotníckych zariadení. Situácia vo výrobe a distribúcii liekov. Zavádzanie bodového systému v zdravotníctve. Národná poisťovňa SR a zákonné normy zdravotného poistenia. Rozhovor s ministrom zdravotníctva SR. 
610 2 0 |a zdravotníctvo 
610 2 0 |a Slovensko 
610 2 0 |a transformácia 
610 2 0 |a privatizácia 
610 2 0 |a poistenie zdravotné 
610 2 0 |a zariadenia zdravotnícke 
100 1 |a Soboňa, V. 
700 1 |a Zábojníková, M.